| 000 | 00905nam a2200229 i 4500 | ||
|---|---|---|---|
| 001 | 45305 | ||
| 003 | ES-MaACL | ||
| 005 | 20230906161208.0 | ||
| 007 | t| | ||
| 008 | 030325s1939 mx ||||1| spa d | ||
| 100 | 1 |
_aColón, Cristóbal. _939869 |
|
| 245 | 1 | 0 | _aCarta de Cristóbal Colón en que da cuenta del descubrimiento de América. |
| 250 | _aEd. facs. del texto latino publicado en Roma en 1493 con la traducción castellana. | ||
| 260 |
_aMéxico : _b[s.n.], _c1939 ( _fImp. Universitaria) |
||
| 300 |
_a16 h., 16 p. ; _c17 cm. |
||
| 500 | _aPrecede al tít.: Universidad Nacional Autónoma de México. Instituto de Investigaciones Estéticas. | ||
| 655 | 7 |
_2tgfbne _9226495 _aFacsímiles |
|
| 710 | 2 |
_aUniversidad Nacional Autónoma de México. _bInstituto de Investigaciones Estéticas. _97399 |
|
| 852 |
_aES-MaACL _j1636-F-2 _bR.26368 |
||
| 942 | _2udc | ||
| 999 |
_c45305 _d45305 |
||